000 00541nam a22001817a 4500
005 20240827115243.0
008 240827b |||||||| |||| 00| 0 eng d
020 _a007-123263-X
082 _a332.632042
_bPEN-F
100 _aPenman, Stephen.H
245 _aFinancial Statement Analysis and Security Valuation /
_cStephen H.Penman
250 _a2nd ed.
260 _aNew York;
_bMc Graw-Hill;
_c2003
300 _axxiii, 740 p.:
_bill.;
_c25 cm.
500 _aIncludes index.
650 _aFinancial Statements/Economics
999 _c36475
_d36475